| 000 | 01205cam a2200313 a 4500 | ||
|---|---|---|---|
| 001 | BK0003754513 | ||
| 003 | DLC | ||
| 005 | 20241220111816.0 | ||
| 008 | 010524s2002 nyua b 000 1 eng d | ||
| 010 | _a2001035992 | ||
| 020 |
_a9780439050234 : SAL _c17.99 |
||
| 020 |
_a0439050235 : SAL _c17.99 |
||
| 037 |
_bScholastic, Po Box 7502, Jefferson City, MO, USA, 65102 _nSAN 860-0023 |
||
| 040 |
_aDLC _cDLC _dDLC _dNjBwBT |
||
| 050 | 0 | 0 |
_aPZ7.S52865 _bDu 2002 |
| 082 | 0 | 0 |
_a[E] _221 |
| 092 | _aE | ||
| 100 | 1 |
_aShannon, David, _d1959- _932196 |
|
| 245 | 1 | 0 |
_aDuck on a bike / _cby David Shannon. |
| 260 |
_aNew York : _bBlue Sky Press, _cc2002. |
||
| 300 |
_a1 v. (unpaged) : _bcol. ill. ; _c29 cm. |
||
| 520 | _aA duck decides to ride a bike and soon influences all the other animals on the farm to ride bikes too. | ||
| 650 | 1 |
_aDucks _vFiction. _95674958 |
|
| 650 | 1 |
_aDomestic animals _vFiction. _95674957 |
|
| 650 | 1 |
_aBicycles and bicycling _vFiction. _95678536 |
|
| 856 | 4 | 2 |
_3Publisher description _uhttp://www.loc.gov/catdir/enhancements/fy1115/2001035992-d.html |
| 856 | 4 | 2 |
_3Contributor biographical information _uhttp://www.loc.gov/catdir/enhancements/fy1301/2001035992-b.html |
| 999 |
_c20892 _d20892 |
||
| 942 | 0 | 0 | _0181 |